Central Library OPAC University of Rajshahi

বাঙলা দেশ-স্বদেশ আমার / (Record no. 78519)

MARC details
000 -LEADER
fixed length control field 00934nam a2200241 4500
001 - CONTROL NUMBER
control field 78519
003 - CONTROL NUMBER IDENTIFIER
rucl marc code BD-RjUL
005 - DATE AND TIME OF LATEST TRANSACTION
control field 20211209083135.0
008 - FIXED-LENGTH DATA ELEMENTS--GENERAL INFORMATION
fixed length control field 210929s1971 ii a|||| |||| 00| 0 ben d
020 ## - INTERNATIONAL STANDARD BOOK NUMBER
Terms of availability : IRs. 5.00
035 ## - SYSTEM CONTROL NUMBER
System control number (BD-RjUL)
040 ## - CATALOGING SOURCE
Original cataloging agency BD-RjUL
Language of cataloging ben/eng
Transcribing agency BD-RjUL
041 ## - LANGUAGE CODE
Language code of text/sound track or separate title ben
082 ## - DEWEY DECIMAL CLASSIFICATION NUMBER
Edition number 23
Classification number 954.92
Author mark and year AHB 1971
100 ## - MAIN ENTRY--PERSONAL NAME
Personal name আহমেদ, মেসবাহ
9 (RLIN) 248749
245 ## - TITLE STATEMENT
Title বাঙলা দেশ-স্বদেশ আমার /
Statement of responsibility, etc. মেসবাহ আহমেদ
250 ## - EDITION STATEMENT
Edition statement ১ম সং.
260 ## - PUBLICATION, DISTRIBUTION, ETC. (IMPRINT)
Place of publication, distribution, etc. কলিকাতা:
Name of publisher, distributor, etc. শ্রীজিতেন্দ্রনাথ মুখোপাধ্যায়,
Date of publication, distribution, etc. ১৯৭১ (কার্তিক ১৩৭৮)
300 ## - PHYSICAL DESCRIPTION
Pagination [১৩], ১৪৮ পৃ. :
Illustrations চিত্র ;
Size ২১ সেমি.
651 ## - SUBJECT ADDED ENTRY--GEOGRAPHIC NAME
Geographic name বাংলাদেশ
General subdivision ইতিহাস
9 (RLIN) 248750
Geographic name Bangladesh
General subdivision History
9 (RLIN) 248751
942 ## - ADDED ENTRY ELEMENTS (KOHA)
Source of classification or shelving scheme Dewey Decimal Classification
Koha item type Rare Books
Holdings
Lost status Source of classification or shelving scheme Damaged status Not for loan Collection code Permanent Location Current Location Shelving location Date acquired Source of acquisition Cost, normal purchase price Total Checkouts Full call number Date last seen Copy number Koha item type
  Dewey Decimal Classification   Not For Loan Rare Books Central Library, University of Rajshahi Central Library, University of Rajshahi Rare Book Section 24/08/1973 Gift from Indian Govt. 5.00   BRA 954.92 AHB 1971 29/09/2021 C-1 Rare Books